000 01114nam a22003497a 4500
003 CHAP
005 20220329133853.0
008 971013s1975 r 00010 d
010 _a12056
011 _a13028
035 _a17099
040 _cCHAP
090 _aFolleto 3168
100 0 0 _aBasave Gómez, David.
_910676
245 _aTeoría del riego
260 _aMéxico, D. F. :
_bAseguradora Nacional Agrícola y Ganadería,
_c1975
300 _a7 h.
490 _aSerie técnica. Folleto
_v; 1-5
590 _aBATCH-UPD
_b10
_c20130109
_lUCH01
_h2358
590 _aBATCH-UPD
_b10
_c20130110
_lUCH01
_h1107
590 _aBATCH-UPD
_b10
_c20130409
_lUCH01
_h1933
590 _aBATCH-UPD
_b10
_c20130410
_lUCH01
_h0659
590 _aBATCH-UPD
_b10
_c20130914
_lUCH01
_h0543
590 _aCONVERSION
_b10
_c20130109
_lUCH01
_h1308
650 1 4 _aIrrigación.
_960366
650 1 4 _aSeguros.
_9103729
830 0 0 _aSerie técnica. Folleto
_v; 1-5
_9105063
901 _aBK
942 _cFOLL
949 _aFolleto 3168
_bBC
_cFOLL
_d-40620
_eTS1
_i17099
_si
949 _aFolleto 3168
_bBC
_cFOLL
_d-40621
_eTS2
_fc.2
_i17099
_si
999 _c12056
_d12056